000 00540nam a2200217Ia 4500
003 OSt
005 20220924132904.0
006 a|||||r|||| 00| 0
007 ta
008 220923b |||||||| |||| 00| 0 san d
024 _a253343
037 _cTextual
040 _aARTS
_cARTS
_bsan
041 _2san
_asan
082 _aP:75, 15N4
100 _aMishra Ram Kishore
_9174367
245 0 _aChhandasgrantha parmpra
260 _c1994
942 _hP:75, 15N4
_cTEXL
_2CC
999 _c431967
_d431967